Catálogo
 En Linea

Tributo a Hostos : (Registro nro. 44818)

Detalles MARC
000 -CABECERA
campo de control de longitud fija 01402nam a2200241 a 4500
001 - NÚMERO DE CONTROL
campo de control 000045329
005 - FECHA Y HORA DE LA ÚLTIMA TRANSACCIÓN
campo de control 20230511100335.0
008 - DATOS DE LONGITUD FIJA--INFORMACIÓN GENERAL
campo de control de longitud fija 150303s2014 dr ac r 000 0 spa d
020 ## - NÚMERO INTERNACIONAL ESTÁNDAR DEL LIBRO
Número Internacional Estándar del Libro 9789945462753
040 ## - FUENTE DE LA CATALOGACIÓN
Centro catalogador/agencia de origen DO-SdBNP
Lengua de catalogación spa
Centro/agencia transcriptor BNPHU
082 ## - NÚMERO DE LA CLASIFICACIÓN DECIMAL DEWEY
Número de clasificación xxxx
Número de documento/Ítem xxxx
245 00 - MENCIÓN DE TÍTULO
Título Tributo a Hostos :
Resto del título (textos en su memoria) /
Mención de responsabilidad, etc. compilador Miguel A. Collado.
260 ## - PUBLICACIÓN, DISTRIBUCIÓN, ETC.
Lugar de publicación, distribución, etc. Santo Domingo :
Nombre del editor, distribuidor, etc. CPEP,
Fecha de publicación, distribución, etc. 2014.
300 ## - DESCRIPCIÓN FÍSICA
Extensión 281 p. :
Otras características físicas il. ;
Dimensiones 22 cm.
490 1# - MENCIÓN DE SERIE
Mención de serie Publicación de la Comisión Permanente de Efemérides Patrias 2004-2014
Designación de volumen o secuencia 42
500 ## - NOTA GENERAL
Nota general Incluye índice onomástico
500 ## - NOTA GENERAL
Nota general Incluye referencias bibliográficas y notas al pie de las páginas.
500 ## - NOTA GENERAL
Nota general Incluye datos biográficos del autor en las solapas.
505 0# - NOTA DE CONTENIDO CON FORMATO
Nota de contenido con formato Presentación --
Título Prefacio --
-- Mí tributo a Hostos --
-- Tributo de los Henríquez y Carvajal --
-- Tributo de los Henríquez Ureña --
-- Tributo de dos discípulos aventajados --
-- Apéndice I --
-- Cronología de Eugenio María de Hostos (1839-1903): Instituto de estudios Hostosianos de Puerto Rico --
-- Apéndice II --
-- Iconografía familia de Hostos --
-- Apéndice III --
-- Bibliohemerografía bostosiana de autores dominicanos (1876-2014) --
590 ## - NOTA LOCAL (RLIN)
Nota local Inventariado, 2019/BT
710 12 - PUNTO DE ACCESO ADICIONAL--NOMBRE DE ENTIDAD CORPORATIVA
Nombre de entidad corporativa o nombre de jurisdicción como elemento de entrada República Dominicana
Unidad subordinada Comisión Permanente de Efemérides Patria
9 (RLIN) 45309
830 #0 - PUNTO DE ACCESO ADICIONAL DE SERIE-TÍTULO UNIFORME
Título uniforme Publicación de la Comisión Permanente de Efemérides Patrias 2004-2014
Número de parte o sección de la obra 42
9 (RLIN) 73351
Existencias
Estado de retiro Estado de pérdida Restricciones de uso No para préstamo Código de colección Localización permanente Ubicación/localización actual Ubicación en estantería Fecha de adquisición Número de inventario Total de préstamos Signatura topográfica completa Código de barras Fecha visto por última vez Número de copia Precio válido a partir de Tipo de ítem Koha
        Dominicana de Servicio General General Depósito 03.03.2015 LF1   xxxx xxxx 45329-30 25.06.2020 e.3 25.06.2020 Libro y Folleto Colección Dominicana de Servicio
        Dominicana de Servicio General General Depósito 09.04.2015 LF1   xxxx xxxx 45329-40 25.06.2020 e.4 25.06.2020 Libro y Folleto Colección Dominicana de Servicio
      Excluido de préstamo Patrimonio Dominicano Patrimonio Dominicano Patrimonio Dominicano Depósito 03.03.2015 LF1   xxxx xxxx 45329-10 25.06.2020   25.06.2020 Libro y Folleto Colección Patrimonio Dominicano
      Excluido de préstamo Patrimonio Dominicano Patrimonio Dominicano Patrimonio Dominicano Depósito 03.03.2015 LF1   xxxx xxxx 45329-20 25.06.2020 e.2 25.06.2020 Libro y Folleto Colección Patrimonio Dominicano

Con tecnología Koha